000 00306nam a22001337a 4500
008 171102b xxu||||| |||| 00| 0 eng d
020 _a9780847691555
041 _aeng
080 _a339.9
100 _a59
101 _aGLO
245 _aGLOBALIZATION AND GLOBAL GONVERNMET
_cRAIMO.V
942 _2udc
_cBK
999 _c37161
_d37161